000 01017nam a2200289 i 4500
001 bg
003 BPK
005 20211217095448.0
008 980702s1996 pl a f f |001 0 pol
015 _aPB 1996/14930
020 _a8301121068
040 _aWA N
_cBPK
080 _a004.032.26
080 _a(075.8)
100 1 _aŻurada, Jacek
_eAutor
245 1 0 _aSztuczne sieci neuronowe :
_bpodstawy teorii i zastosowania /
_cJ. Żurada, M. Barski, W. Jędruch.
260 _aWarszawa :
_bWydaw. Naukowe PWN,
_c1996
_e(Łódź :
_fDWN).
300 _a374, [2] s. :
_brys., wykr. ;
_c24 cm +
_edyskietka.
504 _aBibliogr. s. 362-371. - Indeks.
655 4 _aPodręczniki akademickie
650 4 _aSieci neuronowe
710 2 _aWydawnictwo Naukowe PWN
_4pbl.
700 1 _aJędruch, Wojciech
_eAutor
700 1 _aBarski, Mariusz
_eAutor
856 _uhttp://koha.tu.koszalin.pl/cgi-bin/koha/opac-detail.pl?biblionumber=31625
_yKatalog online BPK
942 _2UKD
_cKS
999 _c31625
_d31625